00248nam a22000857a 4500100002600000245005600026260003100082300000700113700004200120 aMir Asif Ali a15ME29 aDevelopment of chainless hydraulic powered bicycle  aNawabshah bQuest c2019  a36 aDepartment of Mechanical Engineering